Código civil español / (Record no. 44460)

MARC details
000 -LEADER
campo de control de longitud fija 00438nam a2200145 i 4500
001 - NÚMERO DE CONTROL
campo de control 44460
003 - IDENTIFICADOR DE NÚMERO DE CONTROL
campo de control ES-MaACL
007 - CAMPO FIJO DE DESCRIPCIÓN FÍSICA--INFORMACIÓN GENERAL
campo de control de longitud fija t|
008 - DATOS DE LONGITUD FIJA--INFORMACIÓN GENERAL
campo de control de longitud fija 030321s1889 sp ||||1| spa d
245 00 - MENCIÓN DEL TÍTULO
Título Código civil español /
Mención de responsabilidad, etc. relacionado con leyes vigentes y anotado por Dionisio Doblado.
260 ## - PUBLICACIÓN, DISTRIBUCIÓN, ETC.
Lugar de publicación, distribución, etc. Madrid :
Nombre del editor, distribuidor, etc. Viuda de Hernando y Cia.,
Fecha de publicación, distribución, etc. 1889.
300 ## - DESCRIPCIÓN FÍSICA
Extensión 590 p. ;
Dimensiones 17 cm.
700 1# - ENTRADA AGREGADA--NOMBRE PERSONAL
Nombre de persona Doblado, Dionisio.
9 (RLIN) 44935
852 ## - LOCALIZACIÓN
Ubicación ES-MaACL
Número de control de estantería B-7155
Holdings
Estatus retirado Estado de pérdida Estado de daño No para préstamo Colección Biblioteca de origen Biblioteca actual Ubicación en estantería Fecha de adquisición Fuente de adquisición Total de préstamos Signatura topográfica completa Código de barras Visto por última vez Precio de reemplazo Tipo de ítem Koha
        Libros del s. XIX Biblioteca del Ateneo de Madrid Biblioteca del Ateneo de Madrid Sala Pardo Bazán 17/01/2008     B-7155 1046789 23/02/2023 23/02/2023 Libro impreso antiguo